00914nam a22002417a 450000500170000001000130001702000260003003500130005603700160006904000120008508200160009710000290011324501000014226000470024227000720028930000250036150000510038665000210043765000380045894200250049699900190052195201320054020170124110223.0 aB-219935 c660.00a9798177081052 aB-219935 bCen Lib/Ret aDPLbEN a338.83bKAR aKar, Rabi Narayan940243 aMergers and acquisitions of enteprises :cby Rabi Narayan Kar bindian and global experiences / aNew DelhibNew century publications c2006 bNew Delhia4800/24, Bharat Ram road, Ansari road, Daryaganje110005 axiii,316p.c21cm(Hb) aIncludes bibliographical references and index  aEconomics940244 aInternational enterprises 940245 2ddccENh338.83mKAR c134264d134264 001040718REFaLbLd2015-07-29eCen Lib/Retg660.00l0o338.83 KARpB-219935r2015-07-29 00:00:00t1v660.00w2015-07-29yEN